[Event "38th Olympiad"]
[Site "Dresden GER"]
[Date "2008.11.22"]
[Round "9"]
[White "Valdes,Le"]
[Black "Aucay Pelaez,M"]
[Result "1-0"]
[WhiteElo "2401"]
[BlackElo "2335"]

1.Nf3 Nf6 2.c4 e6 3.g3 b6 4.Bg2 Bb7 5.O-O c5 6.b3 Be7 7.Bb2 O-O 8.e3 d6 9.Nc3 a6
10.d4 Nbd7 11.d5 e5 12.Nh4 Re8 13.a4 Bf8 14.e4 g6 15.Re1 Bh6 16.a5 bxa5 17.Na4 Bc8
18.Bc3 Rb8 19.Nb2 Qb6 20.Ra3 Qb7 21.Bxa5 Nf8 22.Nd3 Qe7 23.Bc3 Nh5 24.b4 cxb4
25.Nxb4 Rb6 26.Nc6 Qf6 27.Nf3 Nd7 28.Ba5 Rb7 29.Bb4 Nb8 30.Ba5 Bd7 31.Nxb8 Rexb8
32.Bc3 Bg4 33.h3 Rb1 34.hxg4 Rxd1 35.Rxd1 Ng7 36.c5 Qd8 37.Rxa6 Ne8 38.cxd6 Nxd6
39.Rxd6 Qxd6 40.Bxe5 Qd8 41.Bxb8 Qxb8 42.g5 Bf8 43.Bf1 h6 44.gxh6 f6 45.Kg2 Kh7
46.Be2 Bc5 47.e5 fxe5 48.Ng5+ Kh8 49.d6 Qf8 50.Bf3 Bd4 51.d7  1-0

[Event "TCh-HUN 2008-9"]
[Site "Decs HUN"]
[Date "2008.11.30"]
[Round "3"]
[White "Berczes,C"]
[Black "Pap,G"]
[Result "1/2-1/2"]
[WhiteElo "2399"]
[BlackElo "2467"]

1.Nf3 Nf6 2.g3 b6 3.Bg2 Bb7 4.O-O c5 5.c4 e6 6.b3 Be7 7.Bb2 O-O 8.d4 cxd4
9.Qxd4 d6 10.Nc3 a6 11.Rad1 Nbd7 12.Ne1 Bxg2 13.Nxg2 Qc7 14.e4 Qb7 15.Kh1 b5
16.f3 Rfc8 17.Ne3 Ne5 18.cxb5 axb5 19.Ba1 Ra6 20.a4 bxa4 21.bxa4 Nfd7 22.Rb1 Qa8
23.Qd1 Nc5 24.Rb4 Rac6 25.Rd4 Qb8 26.Nb5 Rb6 27.Nc4 Nxc4 28.Rxc4 Rd8 29.Nd4 Qb7
30.Qc2 Rb8 31.Nb5 Nxa4 32.Nxd6 Bxd6 33.Qxa4 Bf8 34.Rcc1 Rb3 35.Qd4 Qa6 36.Qc4 Qa3
37.Qe2 Re3 38.Qg2 Rbb3 39.f4 Qa6 40.Bd4 Re2 41.Rf2 Rxf2 42.Bxf2 Rb2 43.Qf3 Rc2
44.Re1 Qa2 45.Kg1 Qc4 46.e5 g6 47.Rf1 h5 48.Kg2 Kg7 49.h4 Bc5 50.Kg1 Rc3
51.Qg2 Qb3 52.Kh2 Rc2 53.Kh1 Qd3 54.Kg1 Qe2 55.Qh2 Qd3 56.Qh3 Be3 57.Qg2 Qe2
58.Qh2 Kh7 59.Qg2 Ra2 60.Qh2 Kg7 61.Qg2 Rc2 62.Qh2 Kh8 63.Qg2 Kg8 64.Qa8+ Kg7
65.Qg2 Kh8 66.Qh2 Bxf2+ 67.Qxf2 Qd3 68.Qf3 Qd4+ 69.Rf2 Rc1+ 70.Kg2 Kg7 71.Kh2 Rc3
72.Qg2  1/2-1/2

[Event "Open"]
[Site "Figueira da Foz POR"]
[Date "2008.12.05"]
[Round "7"]
[White "Paunovic,D"]
[Black "Spraggett,K"]
[Result "1/2-1/2"]
[WhiteElo "2532"]
[BlackElo "2597"]

1.Nf3 Nf6 2.g3 b6 3.Bg2 Bb7 4.O-O c5 5.c4 e6 6.Nc3 Be7 7.d4 cxd4 8.Qxd4 O-O
9.Rd1 Nc6 10.Qf4 d6 11.b3 Qb8 12.Bb2 Ne5 13.Nxe5 dxe5 14.Qd2 Bxg2 15.Kxg2 a6
16.a4 Qc7 17.Kg1 Rad8 18.Qc2 Ng4 19.h3 Nh6 20.Rxd8 Rxd8 21.Rd1 Rxd1+ 22.Qxd1 f5
23.e4 g6 24.Qd3 Nf7 25.h4 Bc5 26.Kg2 Qc6 27.f3 Bd4 28.exf5 gxf5 29.Ba3 Bc5
30.b4 Bd4 31.b5 axb5 32.axb5 Qa8 33.Ne2 Ba1 34.Be7 Qb7 35.Bg5 Qc7 36.Kf1 Nxg5
37.hxg5 Kf7 38.g4 e4 39.fxe4 fxg4 40.e5 Kg8 41.Qd6 Bxe5 42.Qd3 Qb7 43.Ke1 Kg7
44.Qe3 Qc7 45.Qe4 g3 46.Nd4 Qd6 47.Nf3 Bc3+ 48.Kf1 Qc5 49.Kg2 Qf2+ 50.Kh3 g2
51.Qb7+ Kg6 52.Qe4+ Kg7 53.Qb7+ Kg6 54.Qe4+  1/2-1/2

[Event "Helio da Motta Filho Cup"]
[Site "Rio de Janeiro BRA"]
[Date "2008.12.09"]
[Round "4"]
[White "Fontes,C1"]
[Black "Santos,Ce"]
[Result "1-0"]
[WhiteElo "2222"]
[BlackElo "2134"]

1.c4 c5 2.Nf3 Nf6 3.g3 b6 4.Bg2 Bb7 5.O-O e6 6.Nc3 Be7 7.d3 O-O 8.e4 d6 9.h3 Nbd7
10.Be3 Rc8 11.Qb3 Ne5 12.Ne1 Nc6 13.Rc1 Na5 14.Qc2 d5 15.Nb5 a6 16.Na3 dxe4
17.dxe4 Nc6 18.e5 Nd7 19.f4 Nb4 20.Qb1 Qc7 21.Nac2 Bxg2 22.Nxg2 Nc6 23.Rce1 b5
24.Na3 Qb7 25.Qe4 b4 26.Nb1 g6 27.Nd2 Qc7 28.Bf2 Rfd8 29.Nf3 Nb6 30.b3 Qd7
31.Re3 Nd4 32.g4 Qc6 33.Nd2 Rd7 34.Bh4 Bxh4 35.Nxh4 Qxe4 36.Nxe4 Rdc7 37.Rd1 Rd8
38.Kf2 Nd7 39.Red3 Kf8 40.Nf3 Nxf3 41.Kxf3 Ke7 42.Nf6 Ra7  1-0

[Event "VII Pereyra Puebla Mem"]
[Site "Mendoza ARG"]
[Date "2008.12.11"]
[Round "8"]
[White "Van Riemsdijk,H"]
[Black "Real de Azua,E"]
[Result "1/2-1/2"]
[WhiteElo "2403"]
[BlackElo "2413"]

1.Nf3 c5 2.c4 Nf6 3.g3 b6 4.Bg2 Bb7 5.O-O e6 6.Nc3 Be7 7.b3 O-O 8.Bb2 a6
9.d4 cxd4 10.Nxd4 Bxg2 11.Kxg2 Qc8 12.e3 Ra7 13.Qf3 d6 14.Ne4 Rc7 15.Rad1 Nbd7
16.Nxf6+ Bxf6 17.Ba3 Nc5 18.b4 Nd7 19.Qe2 Ne5 20.c5 dxc5 21.bxc5 bxc5 22.Nb3 Nd7
23.Na5 Qa8+ 24.f3 Be7 25.Bb2 Rb8 26.Rd2 Bf6 27.Bxf6 Nxf6 28.Rd6 Rb5 29.a4 Rb8
30.Rxa6 Qd5 31.Rd1 Qg5 32.Rb1 Rf8 33.Nc4 Nd5 34.Rb3 h5 35.h4 Qe7 36.e4 Nb4
37.Rd6 Ra8 38.Ra3 e5 39.Qd2 g6 40.a5 Kh7 41.Nb6 Ra6 42.Ra4 Rca7 43.Nc4 Rxd6  1/2-1/2

[Event "III Open"]
[Site "Palma de Mallorca ESP"]
[Date "2008.12.14"]
[Round "9"]
[White "Andres Gonzalez,A"]
[Black "Khantuev,A"]
[Result "1-0"]
[WhiteElo "2465"]
[BlackElo "2349"]

1.Nf3 c5 2.c4 Nf6 3.g3 b6 4.Bg2 Bb7 5.O-O e6 6.Nc3 Be7 7.d4 cxd4 8.Qxd4 d6
9.Rd1 a6 10.Bg5 O-O 11.Bxf6 gxf6 12.Rac1 Qc7 13.Qf4 Nd7 14.Qh6 Kh8 15.e4 Rac8
16.Nd4 Rg8 17.b3 Ne5 18.Qe3 Qb8 19.Bh3 Rg6 20.f4 Ng4 21.Qe2 h5 22.f5 Rgg8
23.fxe6 fxe6 24.Nxe6 d5 25.Nxd5 Qe5 26.Nxe7 Nxh2 27.Nxg8 Qxg3+ 28.Bg2 Ng4
29.Nxf6 Qh2+ 30.Kf1 Nxf6 31.Qb2  1-0

[Event "15th Croatian Open A"]
[Site "Zadar CRO"]
[Date "2008.12.14"]
[Round "1"]
[White "Jakovljevic,Vlado"]
[Black "Brulic,D"]
[Result "1-0"]
[WhiteElo "2446"]
[BlackElo "2309"]

1.Nf3 Nf6 2.c4 e6 3.g3 b6 4.Bg2 Bb7 5.O-O c5 6.Nc3 Be7 7.Re1 Ne4 8.Nxe4 Bxe4
9.d3 Bb7 10.e4 d6 11.d4 cxd4 12.Nxd4 O-O 13.b3 a6 14.Bb2 Nd7 15.Qe2 Re8 16.Rad1 Qc7
17.Rd2 Rac8 18.Red1 Bf8 19.Nf3 Bc6 20.e5 dxe5 21.Nxe5 Nxe5 22.Bxe5 Qb7 23.Rd7 Qxd7
24.Rxd7 Bxd7 25.Bb7 Rc5 26.b4 Rxe5 27.Qxe5 Bc8 28.Bc6 Re7 29.Qb8 Bd7 30.Bxd7 Rxd7
31.Qxb6  1-0

[Event "XXI Carlos Torre KO"]
[Site "Merida MEX"]
[Date "2008.12.17"]
[Round "1.1"]
[White "Graf,A"]
[Black "Quezada Perez,Y"]
[Result "1/2-1/2"]
[WhiteElo "2636"]
[BlackElo "2580"]

1.Nf3 Nf6 2.c4 e6 3.g3 b6 4.Bg2 Bb7 5.O-O c5 6.b3 Be7 7.Bb2 O-O 8.Nc3 d5
9.e3 Nbd7 10.Qe2 Rc8 11.d3 Qc7 12.Ne1 a6 13.f4 Bc6 14.e4 d4 15.Nb1 Ne8 16.Nd2  1/2-1/2

[Event "XXI Carlos Torre"]
[Site "Merida MEX"]
[Date "2008.12.18"]
[Round "7"]
[White "Borges Mateos,J"]
[Black "Cordova,Em"]
[Result "1-0"]
[WhiteElo "2459"]
[BlackElo "2533"]

1.Nf3 Nf6 2.c4 e6 3.g3 b6 4.Bg2 Bb7 5.O-O c5 6.Nc3 a6 7.d4 cxd4 8.Qxd4 d6
9.Rd1 Nbd7 10.Ng5 Bxg2 11.Kxg2 Rc8 12.Nge4 Rc6 13.b3 Be7 14.Bb2 O-O 15.Rd2 Ne8
16.f3 Qb8 17.Rad1 b5 18.cxb5 axb5 19.Ba3 Qb7 20.Bb4 Nb8 21.Qe3 d5 22.Bxe7 Qxe7
23.Nf2 Qb4 24.Nb1 Nd6 25.Nd3 Qa5 26.Qf4 Qb6 27.g4 Rcc8 28.h4 f5 29.g5 Ne4
30.fxe4 fxe4 31.Qg4 e3 32.Rb2 d4 33.Qe4 Nd7 34.b4 Qd6 35.Na3 Rf5 36.Rbb1 Rc3
37.Qa8+ Rf8 38.Nxb5 Qb6 39.Qe4 Qxb5 40.Qxe6+ Kh8 41.Rf1 Qb7+ 42.Kg1 Rcc8
43.Rbc1 Rxc1 44.Rxc1 Qb8 45.Kg2 Qa8+ 46.Kg1 Qb8 47.Kg2 Qa8+ 48.Kh2 Nb6 49.Qxb6 Qe4
50.Kh3 h5 51.gxh6 Rg8 52.h7 Rf8 53.Qd6 Qf5+ 54.Kh2 Re8 55.Qf4 Qh5 56.Re1 Qd5
57.Rg1 Qxa2 58.Qg4 Qf7 59.Nf4 Kxh7 60.Qh5+ Qxh5 61.Nxh5 Rb8 62.Rb1 d3 63.exd3 e2
64.Kg3 Rxb4 65.Re1  1-0

[Event "10th Mirko Srajber Mem"]
[Site "Subotica SRB"]
[Date "2008.12.18"]
[Round "2"]
[White "Bogosavljevic,B"]
[Black "Markus,Rob"]
[Result "0-1"]
[WhiteElo "2541"]
[BlackElo "2616"]

1.Nf3 Nf6 2.c4 c5 3.g3 b6 4.Bg2 Bb7 5.O-O e6 6.Nc3 Be7 7.Re1 d6 8.e4 Nbd7
9.d4 cxd4 10.Nxd4 Qc7 11.Ndb5 Qb8 12.f4 O-O 13.h3 Rc8 14.Nd4 Qc7 15.Qe2 a6
16.b3 b5 17.Bb2 bxc4 18.Rac1 Qb6 19.Na4 Qa7 20.e5 Bxg2 21.Kxg2 dxe5 22.fxe5 Nd5
23.Rxc4 Bg5 24.Qf3 N7b6 25.Nxb6 Qxb6 26.Rxc8+ Rxc8 27.Kh2 Qb7 28.h4 Bd2 29.Rf1 Bc3
30.Rf2 Bxb2 31.Rxb2 Rc3 32.Qe4 Re3 33.Qg4 Rxe5 34.Rc2 h5 35.Qf3 g6 36.Nc6 Rf5
37.Qe4 Nf6 38.Qd4 e5 39.Qd8+ Kg7 40.Qd6 Ng4+ 41.Kg1 Rf6 42.Qc5 Qd7  0-1

[Event "8th Amplico AIG Life Rapid"]
[Site "Warsaw POL"]
[Date "2008.12.21"]
[Round "12"]
[White "Markowski,T"]
[Black "Stupak,K"]
[Result "1-0"]
[WhiteElo "2605"]
[BlackElo "2452"]

1.c4 Nf6 2.Nf3 c5 3.g3 b6 4.Bg2 Bb7 5.O-O e6 6.Nc3 Be7 7.b3 O-O 8.Bb2 d5
9.e3 Nbd7 10.Qe2 Ne4 11.Nd1 Bf6 12.d3 Bxb2 13.Qxb2 Nef6 14.Nc3 Qc7 15.Rac1 Rac8
16.Rfd1 Qb8 17.Qe2 Rfd8 18.Nb1 Ne5 19.Nbd2 dxc4 20.Nxe5 Bxg2 21.Kxg2 Qxe5
22.Nxc4 Qb8 23.Qf3 Rd7 24.Rd2 Rcd8 25.Nb2 Qb7 26.Rdc2 Qxf3+ 27.Kxf3 Nd5 28.a3 Kf8
29.Ke2 f6 30.Rc4 Kf7 31.R1c2 Ne7 32.b4 cxb4 33.Rxb4 e5 34.Rbc4 Nf5 35.a4 Nd6
36.Rc7 Ke6 37.R7c6 Ke7 38.h4 Nb7 39.Rc7 Na5 40.h5 Kd6 41.R7c3 Ke7 42.Rc8 Rxc8
43.Rxc8 Rd8 44.Rc7+ Rd7 45.Rc3 Kd8 46.Kf3 Rc7 47.Rxc7 Kxc7 48.Ke4 Kd6 49.Kf5 Ke7
50.f4 exf4 51.gxf4 Nb7 52.e4 Nd6+ 53.Kg4 f5+ 54.Kf3 fxe4+ 55.dxe4 g6 56.hxg6 hxg6
57.Ke3 Ke6 58.Kd4 Nb7 59.Nd3 Na5 60.Kc3 Nb7 61.Kb4 a6 62.Kc3 Kf6 63.Kd4 Ke6
64.Ne5 Nc5 65.Nxg6 Nxa4 66.f5+ Kf6 67.Nf4 Nc5 68.Nd5+ Kg5 69.Nxb6 Nb3+ 70.Kd5 a5
71.Na4 Nd2 72.Nc5 Nf3 73.Kd6 Nh4 74.Ke6 Nf3 75.f6 Kg6 76.e5 Nd4+ 77.Kd5 Nf3
78.Nd7 a4 79.e6 Ng5 80.e7 Kf7 81.Ne5+ Ke8 82.Nc4 Nf7 83.Nd6+  1-0

[Event "10th Mirko Srajber Mem"]
[Site "Subotica SRB"]
[Date "2008.12.22"]
[Round "6"]
[White "Markus,Rob"]
[Black "Pap,G"]
[Result "1-0"]
[WhiteElo "2616"]
[BlackElo "2467"]

1.Nf3 Nf6 2.c4 c5 3.g3 b6 4.Bg2 Bb7 5.O-O e6 6.Nc3 Be7 7.d4 cxd4 8.Qxd4 d6
9.Rd1 a6 10.b3 Nbd7 11.e4 O-O 12.Bb2 Qc7 13.Rac1 Rac8 14.h3 Qb8 15.Nh2 Rfe8
16.Ng4 Nxg4 17.hxg4 Bf8 18.g5 Bc6 19.Rc2 Nc5 20.Rdc1 Qa8 21.b4 Nd7 22.Nd1 f5
23.Nc3 fxe4 24.Nxe4 d5 25.cxd5 Bxd5 26.Rc7 Rxc7 27.Rxc7 Re7 28.a3 Rf7 29.g6 hxg6
30.Ng5 Bxg2 31.Qh4 Bd6 32.Qh7+ Kf8 33.Rc8+ Qxc8 34.Qh8+ Ke7 35.Qxc8 Rf8 36.Qxa6 Bd5
37.Bxg7 Rf5 38.f4 e5 39.Qe2 Kd8 40.Ne4 Bc7 41.Qd3 exf4 42.g4  1-0

[Event "Christmas Master Open"]
[Site "Zurich SUI"]
[Date "2008.12.26"]
[Round "1"]
[White "Stojanovic,Mih"]
[Black "Pfaffel,T"]
[Result "1/2-1/2"]
[WhiteElo "2535"]
[BlackElo "2148"]

1.Nf3 Nf6 2.c4 b6 3.g3 Bb7 4.Bg2 e6 5.O-O c5 6.Nc3 d6 7.d4 cxd4 8.Qxd4 Be7
9.Bg5 Nc6 10.Qd2 Na5 11.b3 d5 12.cxd5 Nxd5 13.Nxd5 Bxd5 14.Bxe7 Qxe7 15.b4 Nc6
16.a3 Rd8 17.Qc2 Bxf3 18.exf3 Nd4 19.Qd3 O-O 20.f4 Rd6 21.Rac1 Rfd8 22.Rfe1 g6
23.h4 h5 24.Be4 Kg7 25.Qc3 Qf6 26.Kg2 Nf5 27.Qe5 Nh6 28.Qxf6+ Kxf6 29.Re2 Nf5
30.Bxf5 exf5 31.Rc7 R8d7 32.Rec2 Rd3 33.a4 Ke7 34.a5 bxa5 35.bxa5 Rxc7 36.Rxc7+ Rd7
37.Rc6 Rd6 38.Rc7+ Rd7 39.Rc6  1/2-1/2

[Event "17th Donau Open"]
[Site "Aschach AUT"]
[Date "2008.12.30"]
[Round "6"]
[White "Holzmann,H"]
[Black "Jurek,J"]
[Result "1/2-1/2"]
[WhiteElo "2120"]
[BlackElo "2354"]

1.Nf3 Nf6 2.c4 b6 3.g3 c5 4.Bg2 Bb7 5.O-O e6 6.d4 cxd4 7.Qxd4 d6 8.Nc3 a6
9.b3 Nbd7 10.Bb2 Be7 11.Rad1 Qc7 12.e4 O-O 13.Rc1 Rfe8 14.Nd2 Rad8 15.Nd1 Bf8
16.Ne3 Nc5 17.f3 Qb8 18.Nb1 d5 19.cxd5 exd5 20.e5 Nfd7 21.f4 f6 22.Bxd5+ Kh8
23.b4 Bxd5 24.Nxd5 Ne6 25.Qe4 fxe5 26.fxe5 Ng5 27.Qf5 Nxe5 28.Nc7 Ngf3+ 29.Rxf3 Nxf3+
30.Qxf3 Bc5+ 31.Rxc5 bxc5 32.Nxe8 Rxe8 33.Qf7 Rg8 34.Nd2 cxb4 35.Ne4 Qd8  1/2-1/2

[Event "38th Rilton Cup 2008-9"]
[Site "Stockholm SWE"]
[Date "2009.01.03"]
[Round "7"]
[White "Berczes,C"]
[Black "Blomqvist,E"]
[Result "1/2-1/2"]
[WhiteElo "2399"]
[BlackElo "2418"]

1.Nf3 c5 2.c4 Nf6 3.g3 b6 4.Bg2 Bb7 5.O-O e6 6.b3 Be7 7.Nc3 O-O 8.d4 cxd4
9.Qxd4 d6 10.Rd1 Nbd7 11.e4 a6 12.Ba3 Nc5 13.e5 dxe5 14.Qxd8 Rfxd8 15.Nxe5 Bxg2
16.Kxg2 Rdc8 17.Na4 Rab8 18.Rac1 h6 19.f4 Nxb3 20.Bxe7 Nxc1 21.Rxc1 b5 22.Nc5 bxc4
23.Bxf6 Rb2+ 24.Kf3 gxf6 25.Ned7 Rxa2 26.Nxf6+ Kg7 27.Nfd7 Rd2 28.Rxc4 Rxd7
29.Nxe6+ fxe6 30.Rxc8 a5 31.Ra8 Rd5 32.Ra6 Kf7 33.Kg4 Kf6 34.Kh4 Rf5 35.h3 Kf7
36.Ra7+ Kf6 37.Ra6 Kf7 38.Rc6 Kf6 39.Rc4 Rb5 40.Rc6 Rf5 41.g4 Rxf4 42.Kh5 Rf3
43.h4 Rf4 44.Rc7 a4 45.Rh7 Ke5 46.Rh8 Rd4 47.Rg8 Kf4 48.Kxh6 Kg3 49.g5 Rxh4+
50.Kg6 e5 51.Ra8 Rf4 52.Kh6 Rh4+ 53.Kg7 e4 54.Rxa4 e3 55.Ra1 e2 56.g6 Rd4
57.Re1 Kf2 58.Rxe2+ Kxe2 59.Kf7 Rg4 60.g7 Rxg7+  1/2-1/2

[Event "TCh-HUN 2008-9"]
[Site "Budapest HUN"]
[Date "2009.01.25"]
[Round "6"]
[White "Meszaros,Gyu"]
[Black "Izsak,Gyu"]
[Result "1/2-1/2"]
[WhiteElo "2408"]
[BlackElo "2434"]

1.Nf3 Nf6 2.g3 b6 3.Bg2 Bb7 4.c4 c5 5.O-O e6 6.Nc3 Nc6 7.d4 Nxd4 8.Nxd4 Bxg2
9.Kxg2 cxd4 10.Qxd4 Qc7 11.b3 Bd6 12.Bb2 Be5 13.Nd5 exd5 14.Qxe5+ Qxe5 15.Bxe5  1/2-1/2

[Event "7th Gibtelecom Masters"]
[Site "Caleta ENG"]
[Date "2009.02.01"]
[Round "6"]
[White "Obiamiwe,P"]
[Black "De Groote,E"]
[Result "0-1"]
[WhiteElo "2035"]
[BlackElo "2203"]

1.Nf3 Nf6 2.c4 b6 3.g3 Bb7 4.Bg2 c5 5.O-O e6 6.d4 cxd4 7.Qxd4 Bc5 8.Qd3 Nc6
9.a3 O-O 10.Nc3 Rc8 11.h3 a5 12.Rd1 Ba6 13.b3 d5 14.Qb1 h6 15.Ra2 Qe7 16.cxd5 exd5
17.e3 Rfd8 18.Nh4 d4 19.Nf5 Qe8 20.Na4 dxe3 21.Bxe3 Bxe3 22.Nxe3 Nd4 23.Rdd2 Qe6
24.Rab2 Ne2+ 25.Rxe2 Bxe2 26.Rxe2 b5 27.Bf3 bxa4 28.Nd5 Qxh3 29.Ne7+ Kf8
30.Nxc8 Qxc8 31.bxa4 Qc5 32.Re3 g6 33.Qb5 Rc8 34.Kg2 h5 35.Qb2 Kg7 36.Re5 Qc3
37.Qxc3 Rxc3 38.Rxa5 Ng4 39.Ra7 Rc2 40.Bd5 Rxf2+ 41.Kg1 Rf5 42.Bb7 Ne3 43.a5 g5
44.a6 g4 45.Ra8 h4 46.a7 Rf1+ 47.Kh2 Rf2+ 48.Kg1 hxg3 49.Rg8+ Kxg8 50.a8=Q+ Kg7
51.Ba6 Ra2 52.Bf1 Ra1 53.Qa6 g2 54.Kf2 Rxf1+  0-1

[Event "14th HIT Open"]
[Site "Nova Gorica SLO"]
[Date "2009.02.04"]
[Round "6"]
[White "Rukavina,J"]
[Black "Mazi,L"]
[Result "1-0"]
[WhiteElo "2417"]
[BlackElo "2377"]

1.Nf3 c5 2.g3 b6 3.Bg2 Bb7 4.O-O e6 5.c4 Nf6 6.Nc3 d6 7.Re1 Be7 8.e4 a6 9.d4 cxd4
10.Nxd4 Qc7 11.Be3 O-O 12.f4 Re8 13.g4 Nc6 14.g5 Nd7 15.Nde2 Rac8 16.Rc1 Qb8
17.Ng3 Ba8 18.Bf1 Nf8 19.h4 Na5 20.b3 Nc6 21.Kh2 Bd8 22.Qd2 Bc7 23.Nh5 Ng6
24.Kh3 Rcd8 25.Qb2 Kh8 26.Nd5 Rg8 27.Ndf6 Qc8 28.Nxg8 Rxg8 29.Kg3 Nce7 30.Bd2 e5
31.Bh3 exf4+ 32.Nxf4 Qd8 33.Nd5 Ne5 34.Qd4 N7g6 35.Rf1 Bc6 36.Be3 Bd7 37.Bf5 Nc6
38.Qd2 Nge5 39.Rcd1 Bb8 40.Bxb6 Qc8 41.Be3 Be6 42.Kg2 Re8 43.Qe2 Ng6 44.Qf2 Nce5
45.Qg3 Qb7 46.Bd4 Nc6 47.Be3 Nb4 48.h5 Ne5 49.Rd2 Nbd3 50.Bd4 Nc5 51.Bxe5 dxe5
52.Qe3 Ba7 53.Qf3 Kg8 54.Rfd1 Bb8 55.h6 Bxd5 56.Rxd5 Qe7 57.hxg7 Ba7 58.Qh5  1-0

[Event "TCh-BEL 2008-9"]
[Site "Belgium BEL"]
[Date "2009.02.15"]
[Round "9"]
[White "Buhr,CC"]
[Black "Jens,J"]
[Result "0-1"]
[WhiteElo "2346"]
[BlackElo "2379"]

1.Nf3 Nf6 2.c4 c5 3.g3 b6 4.Bg2 Bb7 5.O-O e6 6.b3 Be7 7.Bb2 O-O 8.Na3 a6
9.e3 d6 10.Qe2 Nbd7 11.d3 Rb8 12.e4 Ba8 13.Nd2 b5 14.f4 Qb6 15.g4 e5 16.g5 Ne8
17.Qg4 Qd8 18.Nf3 exf4 19.Qxf4 f6 20.Qg4 fxg5 21.Qe6+ Kh8 22.Nxg5 Bxg5 23.Qxd7 Nf6
24.Qxd8 Rfxd8 25.Rf5 h6 26.Bh3 Bc6 27.Rf3 Be8 28.Be6 Bh5 29.Rg3 Re8 30.Bd5 Bf4
31.Rh3 Bg4 32.Rh4 Bg5 33.Bxf6 Bxf6 34.Rxg4 Bxa1 35.Bc6 Rec8 36.cxb5 axb5  0-1

[Event "TCh-HUN 2008-9"]
[Site "Mako HUN"]
[Date "2009.03.01"]
[Round "9"]
[White "Berczes,C"]
[Black "Reiss,T"]
[Result "1/2-1/2"]
[WhiteElo "2399"]
[BlackElo "2403"]

1.Nf3 c5 2.c4 b6 3.g3 Bb7 4.Bg2 Nf6 5.O-O e6 6.Nc3 Be7 7.d4 cxd4 8.Qxd4 d6
9.Rd1 a6 10.b3 Nbd7 11.e4 Qc7 12.Ba3 Nc5 13.e5 dxe5 14.Qxe5 Rc8 15.Qxc7 Rxc7
16.Ne5 Bxg2 17.Kxg2 Ncd7 18.Bxe7 Kxe7 19.Nxd7 Nxd7 20.Rd3 Rb8 21.Re1 Nf6
22.Re2 Rc5 23.Nd5+ Nxd5 24.Rxd5 Rxd5 25.cxd5 Rc8 26.f4 Rc5 27.dxe6 fxe6 28.Kf3 h5
29.Ke4 g6 30.Kd4 Kf6 31.b4 Rc1 32.Rd2 Ke7 33.a3 Ra1 34.Rd3 Ra2 35.h3 Kf6
36.Ke4 Re2+ 37.Kf3 Ra2 38.g4 Ra1 39.Ke4 Re1+ 40.Kf3 Ra1 41.Rc3 Rh1 42.Kg3 hxg4
43.hxg4 Ra1 44.Re3 Rf1 45.g5+ Ke7 46.Kg4 Rh1 47.Rd3 Rg1+ 48.Kf3 Re1 49.Kf2 Re4
50.Kf3 Re1 51.Rc3 Kd7 52.Kf2  1/2-1/2

[Event "TCh-BEL 2008-9"]
[Site "Belgium BEL"]
[Date "2009.03.08"]
[Round "10"]
[White "Roeder,M"]
[Black "Laurent,Ju"]
[Result "1-0"]
[WhiteElo "2432"]
[BlackElo "2337"]

1.Nf3 Nf6 2.c4 e6 3.g3 b6 4.Bg2 Bb7 5.O-O c5 6.Nc3 Be7 7.b3 d5 8.cxd5 Nxd5
9.Nxd5 Bxd5 10.Bb2 Bf6 11.Qb1 Nd7 12.Rd1 Rc8 13.d4 cxd4 14.Nxd4 Bxg2 15.Kxg2 a6
16.Qd3 Nc5 17.Qf3 Qc7 18.b4 Nd7 19.Rac1 Qb8 20.Rxc8+ Qxc8 21.Rc1 Qb8 22.Nc6 Qb7
23.Nd4 Qxf3+ 24.Nxf3 Ke7 25.Bxf6+ gxf6 26.Rc6 Ra8 27.Nd4 Kd8 28.f4 Rc8 29.Rxc8+ Kxc8
30.e4 Kc7 31.Kf3 Kd6 32.Kg4 f5+ 33.exf5 Kd5 34.fxe6 fxe6 35.Nf3 Kc4 36.Ne5+ Nxe5+
37.fxe5 Kxb4 38.Kg5 Ka3 39.Kf6 b5 40.Kxe6 b4 41.Kf7 Kxa2 42.e6 b3 43.e7 b2
44.e8=Q b1=Q 45.Qa4+ Kb2 46.Qxa6 Qe4 47.Qe6 Qg2 48.Qe5+ Ka2 49.h4 Qf3+ 50.Qf4 Qh5+
51.Kg7 Qg6+ 52.Kf8 Kb2 53.g4 h6 54.Qf5 Qd6+ 55.Kg7 Qg3 56.Kg6 Ka2 57.Qe6+ Kb1
58.Kh5 Qh2 59.Qf6 Qg3 60.Kxh6  1-0

[Event "FSIMA March"]
[Site "Budapest HUN"]
[Date "2009.03.12"]
[Round "6"]
[White "Bacso,G"]
[Black "Berczes,C"]
[Result "0-1"]
[WhiteElo "2123"]
[BlackElo "2383"]

1.Nf3 Nf6 2.c4 e6 3.g3 b6 4.Bg2 Bb7 5.O-O c5 6.Nc3 Be7 7.Re1 d5 8.cxd5 exd5
9.d4 O-O 10.Bf4 Nbd7 11.Nb5 Ne4 12.Nd2 Ndf6 13.Nxe4 Nxe4 14.Be3 c4 15.Nc3 f5
16.Nxe4 dxe4 17.Qc2 Rc8 18.Rad1 Bd5 19.Bf4 b5 20.Be5 b4 21.Rc1 Qd7 22.Qd2 a5
23.f3 c3 24.bxc3 bxc3 25.Qc2 Bg5 26.Rb1 Be3+ 27.Kh1 Rc4 28.fxe4 fxe4 29.Rb6 Qa4
30.Rb3 Qc6 31.Rf1 Rxf1+ 32.Bxf1 Bd2 33.Rb8+ Kf7 34.h4 Qa4 35.Qb1 Rb4 36.Rxb4 axb4
37.Bh3 c2 38.Qf1+ Kg8  0-1

[Event "24th OCF FIDE P-66 Ch Cl"]
[Site "Bartlesville USA"]
[Date "2009.03.15"]
[Round "5"]
[White "Hughes,D"]
[Black "Orton,W"]
[Result "1/2-1/2"]
[WhiteElo "2013"]
[BlackElo "2162"]

1.Nf3 c5 2.c4 Nf6 3.g3 b6 4.Bg2 Bb7 5.O-O e6 6.Nc3 Be7 7.Re1 O-O 8.e4 d6
9.d4 a6 10.d5 e5  1/2-1/2

[Event "10th EICC"]
[Site "Budva MNE"]
[Date "2009.03.16"]
[Round "10"]
[White "Rukavina,J"]
[Black "Stanojevic,B"]
[Result "1-0"]
[WhiteElo "2417"]
[BlackElo "2276"]

1.c4 c5 2.Nf3 Nf6 3.g3 b6 4.Bg2 Bb7 5.O-O e6 6.Nc3 d6 7.d4 cxd4 8.Qxd4 a6
9.b3 Nbd7 10.Ba3 Nc5 11.Rad1 Be7 12.e4 Qb8 13.Ne1 O-O 14.Nc2 Rd8 15.Rfe1 Ne8
16.Qe3 Bf6 17.Nd4 g6 18.f4 e5 19.Nde2 Nc7 20.Rf1 Be7 21.f5 b5 22.Nd5 Nxd5
23.exd5 Nd7 24.Nc3 Bc8 25.Ne4 b4 26.Bc1 Qa7 27.Rf2 Qxe3 28.Bxe3 gxf5 29.Rxf5 Nc5
30.Rf2 Nxe4 31.Bxe4 Rb8 32.Bxh7+ Kg7 33.Bf5 a5 34.Rdf1 f6 35.g4 a4 36.Kg2 axb3
37.axb3 Ra8 38.Bxc8 Rdxc8 39.Bd2 Ra3 40.Rf3 Rf8 41.Bxb4 Ra2+ 42.R1f2 Rxf2+
43.Kxf2 Ra8 44.h3 Ra1 45.Ke2 Ra2+ 46.Kd3 Rb2 47.Kc3 Re2 48.Kd3 Rb2 49.Ke4 Kg6
50.Ba5 Re2+ 51.Re3 Rf2 52.Bc7 Rf4+ 53.Kd3 f5 54.gxf5+ Kxf5 55.b4 Rf2 56.Re2 Rf3+
57.Kc2 e4 58.b5 Bf6 59.b6 Rc3+ 60.Kd1 Rb3 61.Rf2+ Kg6 62.Rf4 Rb1+ 63.Ke2 Rb2+
64.Kf1 Rb1+ 65.Kg2 e3 66.Re4 Bg5 67.Bxd6 Rxb6 68.Bg3 Rb2+ 69.Kf3 Rb3 70.Kg4 Rd3
71.Re6+ Bf6 72.Be5 e2 73.Bxf6  1-0

[Event "Open A"]
[Site "Zagreb CRO"]
[Date "2009.03.22"]
[Round "2"]
[White "Kovacevic,Bl"]
[Black "Majeric,Z"]
[Result "1-0"]
[WhiteElo "2457"]
[BlackElo "2292"]

1.Nf3 Nf6 2.c4 e6 3.g3 b6 4.Bg2 Bb7 5.O-O c5 6.Nc3 Be7 7.d4 cxd4 8.Qxd4 O-O
9.Rd1 Qc8 10.Bg5 h6 11.Bxf6 Bxf6 12.Qd3 d5 13.cxd5 Bxc3 14.Rac1 Bxd5 15.Rxc3 Qa6
16.Ne5 Bxg2 17.Kxg2 Qb7+ 18.Qf3 Qxf3+ 19.Kxf3 Na6 20.Nc6 Nc5 21.b4 Na4 22.Ne7+ Kh7
23.Rc7 a5 24.a3 axb4 25.axb4 Nb2 26.Rd6 b5 27.Rb6 Ra3+ 28.Kg2 Na4 29.Rxb5 Nc3
30.Rbb7 Nxe2 31.Nc6 Nc3 32.Rxf7 Rxf7 33.Rxf7 Ra2 34.Rf3 Ne4 35.Rf4 Nc3 36.h4 h5
37.Rf3 Ne4 38.Nd4 e5 39.Nc6 Rb2 40.Rf5 Kg6 41.Rf8 Kh7 42.Nxe5 Rxb4 43.Rf4 Ra4
44.Kh3 Kg8 45.Ng6 Kh7 46.Nf8+ Kh6 47.Ne6 Rc4 48.Kg2 Kg6 49.Nf8+ Kh6 50.Ne6 Nd6
51.Rf8 Rc8 52.Rf3 Ne4 53.Rf7 Rc2 54.Rf4 Nf6 55.Ng5 Kg6 56.Nh3 Ra2 57.Rb4 Rc2
58.Rb6 Kf5 59.Nf4 Ne4 60.Rb5+ Kg4 61.Nh3  1-0

[Event "Open A"]
[Site "Zagreb CRO"]
[Date "2009.03.25"]
[Round "5"]
[White "Banas,J"]
[Black "Majeric,Z"]
[Result "1/2-1/2"]
[WhiteElo "2380"]
[BlackElo "2292"]

1.Nf3 Nf6 2.c4 e6 3.g3 b6 4.Bg2 Bb7 5.O-O c5 6.d4 cxd4 7.Qxd4 d5 8.cxd5 Qxd5
9.Nc3 Qxd4 10.Nxd4 Bxg2 11.Kxg2 a6 12.Bg5 Nbd7 13.Rac1 Bc5 14.Nf3 h6 15.Bxf6 Nxf6
16.Na4 Nd7 17.Rfd1 Ke7 18.b4 Bxb4 19.Rxd7+ Kxd7 20.Nxb6+ Kd6 21.Rd1+ Ke7
22.Nxa8 Rxa8 23.Ne5 Bc3 24.Nc6+ Ke8 25.Rd3 Bf6 26.Rd2  1/2-1/2

[Event "CEZ Cup"]
[Site "Frydek Mistek CZE"]
[Date "2009.04.12"]
[Round "8"]
[White "Rohacek,M"]
[Black "Jurek,J"]
[Result "1/2-1/2"]
[WhiteElo "2253"]
[BlackElo "2344"]

1.Nf3 Nf6 2.c4 b6 3.g3 c5 4.Bg2 Bb7 5.O-O e6 6.Nc3 Be7 7.d4 cxd4 8.Qxd4 d6
9.Rd1 a6 10.b3 Nbd7 11.e4 Qc8 12.Bb2 O-O 13.Rac1 Re8 14.h3 Qc7 15.Ne1 Rad8
16.Nc2 Qb8 17.b4 Bf8  1/2-1/2

[Event "TCh-NED 2008-9"]
[Site "Netherlands NED"]
[Date "2009.04.18"]
[Round "8"]
[White "Hausrath,D"]
[Black "Giri,A"]
[Result "1-0"]
[WhiteElo "2491"]
[BlackElo "2430"]

1.Nf3 c5 2.c4 Nf6 3.g3 b6 4.Bg2 Bb7 5.O-O e6 6.Nc3 Be7 7.d4 cxd4 8.Qxd4 d6
9.Rd1 O-O 10.b3 Nbd7 11.Bb2 a6 12.Qf4 Qc7 13.Rac1 Rac8 14.g4 Nc5 15.g5 Nfe4
16.Nxe4 Nxe4 17.Qg4 f5 18.gxf6 Bxf6 19.Qxe6+ Kh8 20.Ba3 Rce8 21.Bxd6 Qc6
22.Qd5 Qc8 23.Qh5 g6 24.Qh6 Bg7 25.Qh4 Nxd6 26.Rxd6 Re4 27.Qg5 Rxe2 28.Rcd1 h6
29.Qxg6 Bxf3 30.Bxf3 Re5 31.R6d5 Re6 32.Qg3 Qe8 33.Rd6 Be5 34.Rxe6 Qxe6 35.Bg4 Qf6
36.Qg2 Rg8 37.Kh1 Qh4 38.f3 h5 39.Qe2 Bf4 40.Rd7 Qf6 41.Bxh5 Bxh2 42.Bg6  1-0

[Event "CCF Easter"]
[Site "Coulsdon ENG"]
[Date "2009.04.19"]
[Round "12"]
[White "Sowray,P"]
[Black "Savage,B"]
[Result "1-0"]
[WhiteElo "2311"]
[BlackElo "2330"]

1.c4 Nf6 2.Nf3 e6 3.g3 b6 4.Bg2 Bb7 5.O-O c5 6.Nc3 Be7 7.d4 cxd4 8.Qxd4 O-O
9.b3 Nc6 10.Qf4 Qb8 11.Rd1 d6 12.Ba3 d5 13.Bxe7 Nxe7 14.Qxb8 Raxb8 15.Nb5 dxc4
16.bxc4 a6 17.Nd6 Ba8 18.Ne5 Nf5 19.Rab1 b5 20.cxb5 Nxd6 21.Rxd6 Bxg2 22.Kxg2 axb5
23.Ra6 Rfc8 24.Nc6 Rb7 25.a4 b4 26.Rxb4 Rxb4 27.Nxb4 g5 28.a5 Rc4 29.Rb6 Nd7
30.Rb7 Nc5 31.Rb5 h6 32.a6 Rxb4 33.Rxb4 Nxa6 34.Rc4 Kg7 35.Kf3 Nb8 36.Rc7 Na6
37.Rc8 Nb4 38.Ke4 Nd5 39.Ke5 Ne7 40.Rc7 Nd5 41.Rb7 Kg6 42.e4 Nc3 43.Rb2 f6+
44.Kd4 Na4 45.Rb4  1-0